|
|
|
|
| LEADER |
01667njm a2200361 a 4500 |
| 001 |
000744393 |
| 003 |
CZ BrMZK |
| 005 |
20160617133805.0 |
| 007 |
ss lsnjlcmpnze |
| 008 |
041019s2003 xr ppnne cze d |
| 028 |
0 |
1 |
|a AA 0344-4 331
|b Aplaus
|
| 040 |
|
|
|a BOA001
|b cze
|
| 045 |
|
|
|a y0y0
|
| 048 |
|
|
|a od
|b vu
|
| 080 |
|
|
|a 785.16
|2 MRF
|
| 080 |
|
|
|a (086.7)
|2 MRF
|
| 100 |
1 |
|
|a Peterka, Karel,
|d 1950-
|7 jx20040206001
|4 cmp
|4 lyr
|4 sng
|
| 245 |
1 |
0 |
|a Všední den
|h [zvukový záznam] /
|c [hudba, texty, zpěv] Karel Peterka
|
| 260 |
|
|
|a Křenovice :
|b Aplaus ,
|c p2003
|
| 300 |
|
|
|a 1 zvuková kazeta (52:05) :
|b analog, Dolby systém +
|e 1 leták (10 x 21 cm)
|
| 306 |
|
|
|a 005205
|
| 505 |
0 |
0 |
|t Už jsem si sáh --
|t Muž, žena, růže a včela --
|t Země má --
|t Poslové nadějí --
|t Už zase sám --
|t Marie --
|t Kdo --
|t Už mě zas volají věčné dálky --
|t Zvyk --
|t Všední den --
|t Čas --
|t Desatero --
|t Harmonikář --
|t Klíč --
|t Lásko má
|
| 508 |
|
|
|a Bohumil Novotný, autor hudby k písni č. 7; Luděk Nekuda, spolupráce na textu k písni č. 9; Pavel Anděl Pokorný, aranžmá
|
| 511 |
0 |
|
|a Spoluúčinkují různí instrumentalisté a sbor
|
| 530 |
|
|
|a Vydáno také na kompaktní desce s objednacím číslem AA 0344-4 331
|
| 650 |
0 |
7 |
|a populární písně
|7 ph124354
|y 2001-2010
|2 czenas
|
| 650 |
0 |
7 |
|a populární hudba
|7 ph124352
|2 czenas
|
| 650 |
0 |
7 |
|a folk
|7 ph119202
|2 czenas
|
| 655 |
|
7 |
|a zvukové kazety
|7 fd186720
|2 czenas
|
| 700 |
1 |
|
|a Pokorný, Pavel,
|d 1948-2011
|7 xx0142433
|4 arr
|4 prf
|
| 910 |
|
|
|a BOA001
|b KZ-0011.775
|
| 990 |
|
|
|a AV
|
| 996 |
6 |
|
|b 261H012931
|c KZ-0011.775
|l MZK
|r Sklad / do 24 hodin
|n 0
|w 000744393
|u 000010
|a 1
|e BOA001
|j MZK50
|s P
|